01200 a2200217 4500003000500000005001700005010001700022020002300039040000900062082001700071100002100088245007300109250001200182260004400194300004500238505047700283650003100760700001700791856009100808856008300899Nust20220803151514.0 a 2004042293 a0471487287 (cloth) cNust00a621.3192,IRW1 aIrwin, J. David,10aBasic engineering circuit analysis /cJ. David Irwin, R. Mark Nelms. a8th ed. aHoboken, NJ :bJ. Wiley & Sons,cc2005. axx, 794 p. :bill. (some col.) ;c29 cm. aBasic Concepts (Page-1), Resistive Circuits (Page-17), Nodal And Loop Analysis Techniques (Page-82), Operational Amplifiers (Page-133), Additional Analysis Techniques (Page-165), Capacitance And Inductance (Page-226), First And Second Order Transient Circuits (Page-267), AC Steady State Analysis (Page-346), Steady State Power Analysis (Page-419), Magnetically Coupled Networks (Page-471), Polyphase Circuits (Page-516), Variable Frequency Network Performance (Page-546). 0aElectric circuit analysis.1 aNelms, R. M.413Publisher descriptionuhttp://www.loc.gov/catdir/enhancements/fy0617/2004042293-d.html413Table of contents onlyuhttp://www.loc.gov/catdir/toc/wiley051/2004042293.html